000 01147nam a2200241 i 4500
001 69493
003 ES-MaACL
005 20250408152841.0
008 040706q1935 sp |||| | spa d
100 1 _aGarcía Cortés, Mariano.
_954387
245 1 3 _aEl problema de la escolaridad en Madrid
_b: informe de la Económica Matritense /
_cMariano García Cortés.
260 _aMadrid :
_bEd. de la Económica de Amigos del País,
_cca. 1935] (
_fImp. Izaguirre)
300 _a32 p. ;
_c20 cm.
530 _aDisponible en formato digital.
594 _aCon este mismo tít. el autor pronunció una conferencia en el Ateneo de Madrid, el 12 de enero de 1933 (Fuente: Ateneo, Dictadura, República / Antonio Ruiz Salvador, 1976)
610 2 4 _aAteneo de Madrid-
_vConferencias-
_y1900-1939
_91907
650 4 _aEnseñanza-
_zMadrid.
_9170806
710 2 _aReal Academia Económica Matritense de Amigos del País.
_96335
852 _aES-MaACL
_j1798-F-2
_9 72085
_cDEPOF
_zRevisado enlace:08 de Abril de 2025
856 _uhttp://www.memoriademadrid.es/buscador.php?accion=VerFicha&id=241115
_yMemoria de Madrid
942 _2udc
999 _c69493
_d69493